| 000 | 00602nam a2200181Ia 4500 | ||
|---|---|---|---|
| 008 | 090630s9999 xx 000 0 und d | ||
| 082 | _b25396 | ||
| 100 | _aदेवधर स्मिता. | ||
| 245 |
_aजागृती. _cदेवधर स्मिता. |
||
| 260 |
_bविभासा पुस्तक महाल - पुणे. _c2006 |
||
| 300 | _a192 | ||
| 600 | _aदेवधर स्मिता. | ||
| 630 | _aजागृती. | ||
| 655 | _aकादंबरी. | ||
| 700 | _aदेवधर स्मिता. | ||
| 730 | _aजागृती. | ||
| 942 | _cBOOK | ||
| 999 |
_c277252 _d277252 |
||